[Event "Marienbad Open 2022 - B3 IM Round Robin"]
[Site "Continental hotel, Marianske Lazne"]
[Date "2022.01.21"]
[Round "8"]
[Board "2"]
[White "Mica, Marek"]
[Black "Schmider, Niklas"]
[Result "1/2-1/2"]
[WhiteElo "2305"]
[BlackElo "2330"]
[PlyCount "244"]
[EventDate "2022.01.15"]
[EventRounds "9"]
[EventCountry "CZE"]

1. Nf3 c5 2. c4 Nf6 3. Nc3 d5 4. cxd5 Nxd5 5. g3 Nc6 6. Bg2 Nc7 7. O-O e5 8. d3
Be7 9. Nd2 Bd7 10. Nc4 f6 11. f4 b5 12. Ne3 exf4 13. Nf5 b4 14. Nxe7 Qxe7 15.
Ne4 Ne6 16. gxf4 f5 17. Ng3 O-O 18. e4 Ned4 19. Re1 b3 20. axb3 fxe4 21. Bxe4
Qh4 22. Be3 Bg4 23. Qc1 Nf3+ 24. Bxf3 Bxf3 25. Qc4+ Kh8 26. Rf1 Qg4 27. Qxc5
Rad8 28. Ra6 Rf6 29. Qg5 Rxd3 30. Qxg4 Bxg4 31. Bxa7 Nxa7 32. Rxa7 h6 33. f5
Bh3 34. Re1 Bxf5 35. Re8+ Kh7 36. Nh5 Rg6+ 37. Kf2 Bg4 38. Raa8 Rf3+ 39. Ke1
Re6+ 40. Rxe6 Bxe6 41. Ng3 Rxb3 42. Ra6 Bf7 43. Ra7 Bg6 44. Re7 Rxb2 45. Re2
Rb4 46. Kf2 h5 47. Rd2 h4 48. Ne2 Bh5 49. h3 Re4 50. Ng1 Ra4 51. Kg2 Ra3 52.
Rb2 Be8 53. Kh2 Bd7 54. Rd2 Bf5 55. Rb2 Kh6 56. Rf2 Be4 57. Re2 Ba8 58. Rb2 Kg6
59. Rf2 Kg5 60. Re2 Kf4 61. Rf2+ Ke5 62. Re2+ Be4 63. Rb2 Rg3 64. Ra2 Kd5 65.
Ra5+ Kc6 66. Ra2 Kc5 67. Rb2 Kc4 68. Ra2 Kb3 69. Re2 Bc6 70. Rf2 Rd3 71. Re2 g5
72. Rf2 Bd5 73. Ne2 Rd1 74. Ng1 Rd3 75. Ne2 Rd2 76. Kg1 Bc4 77. Nf4 Rd4 78.
Rf3+ Kc2 79. Ng2 Be6 80. Ne3+ Kd2 81. Kf2 Re4 82. Nf1+ Kd1 83. Ne3+ Kc1 84. Nf1
Rc4 85. Ne3 Rb4 86. Kg1 Rb3 87. Kf2 Rb2+ 88. Kg1 Re2 89. Nf1 Kd1 90. Rd3+ Kc2
91. Rf3 Bd7 92. Ne3+ Kd3 93. Nf1+ Ke4 94. Rb3 Bc6 95. Nh2 Kf4 96. Ng4 Bf3 97.
Nf2 Bd5 98. Rd3 Bf3 99. Rb3 Rd2 100. Ra3 Rd4 101. Kh2 Rd2 102. Kg1 Re2 103. Rb3
Re1+ 104. Kh2 Rf1 105. Rb2 Ke3 106. Rb3+ Kf4 107. Rb4+ Kf5 108. Rb5+ Kg6 109.
Rb6+ Kf7 110. Rb2 Ke6 111. Ra2 Bd5 112. Re2+ Kf5 113. Rd2 Ke5 114. Re2+ Kd4
115. Rb2 Re1 116. Rd2+ Kc4 117. Rc2+ Kb3 118. Rd2 Bc4 119. Kg2 Re3 120. Rd1 Kc2
121. Rd4 Be2 122. Ra4 Rg3+  1/2-1/2

[Event "Marienbad Open 2022 - B3 IM Round Robin"]
[Site "Continental hotel, Marianske Lazne"]
[Date "2022.01.21"]
[Round "8"]
[Board "3"]
[White "Dev, Shah"]
[Black "Bubalovic, Davorin"]
[Result "1-0"]
[WhiteElo "2248"]
[BlackElo "2220"]
[PlyCount "53"]
[EventDate "2022.01.15"]
[EventRounds "9"]
[EventCountry "CZE"]

1. d4 Nf6 2. c4 g6 3. Nf3 Bg7 4. g3 c6 5. Bg2 O-O 6. O-O d5 7. Qb3 Qb6 8. Nc3
dxc4 9. Qxc4 Be6 10. Qa4 Rd8 11. h3 a5 12. Rd1 Na6 13. Ng5 Bd7 14. Qc4 Be8 15.
e4 Qb4 16. Qe2 Rxd4 17. Rxd4 Qxd4 18. Be3 Qd6 19. f4 e5 20. Rd1 Qe7 21. fxe5
Qxe5 22. Bf4 Qc5+ 23. Kh2 Nd7 24. Nxf7 Kxf7 25. Bd6 Ne5 26. Bxc5 Nxc5 27. Qf2+
 1-0

[Event "Marienbad Open 2022 - B3 IM Round Robin"]
[Site "Continental hotel, Marianske Lazne"]
[Date "2022.01.21"]
[Round "8"]
[Board "4"]
[White "Krawczyk, Flawian"]
[Black "Mannion, Stephen R"]
[Result "1/2-1/2"]
[WhiteElo "2161"]
[BlackElo "2271"]
[PlyCount "164"]
[EventDate "2022.01.15"]
[EventRounds "9"]
[EventCountry "CZE"]

1. e4 e5 2. Nf3 Nc6 3. Bb5 a6 4. Ba4 Nf6 5. O-O Be7 6. Re1 b5 7. Bb3 d6 8. a4
Bd7 9. axb5 axb5 10. Rxa8 Qxa8 11. c3 O-O 12. d3 Na5 13. Bc2 c5 14. Nbd2 Re8
15. Nf1 h6 16. Ng3 Bf8 17. h3 d5 18. d4 cxd4 19. cxd4 exd4 20. e5 Ne4 21. Nxe4
dxe4 22. Bxe4 Qa7 23. Qxd4 Bc5 24. Qd2 Nb3 25. Qc2 Nd4 26. Nxd4 Bxd4 27. Bf4
Be6 28. Qd2 g5 29. Be3 Bxe3 30. Rxe3 Qc5 31. Qc3 Qxc3 32. bxc3 Rb8 33. Kh2 b4
34. cxb4 Rxb4 35. g3 f6 36. exf6 Kf7 37. g4 Kxf6 38. Kg3 Ra4 39. f3 Ra5 40. h4
Bd5 41. Bf5 Ra4 42. h5 Rb4 43. Re8 Rb3 44. Be4 Bxe4 45. Rxe4 Rb2 46. Ra4 Kg7
47. Ra7+ Kg8 48. Ra6 Kg7 49. Rg6+ Kh7 50. Rf6 Kg7 51. Rf5 Ra2 52. Rb5 Rc2 53.
Rb4 Ra2 54. f4 Ra3+ 55. Kf2 gxf4 56. Rxf4 Rb3 57. Rf3 Rb4 58. Kg3 Ra4 59. Rb3
Rc4 60. Rb7+ Kg8 61. Re7 Ra4 62. Kf3 Rb4 63. Re4 Rb5 64. Kf4 Kf7 65. Rc4 Ra5
66. Rc7+ Kg8 67. Re7 Rb5 68. Re5 Rb6 69. Rc5 Rf6+ 70. Ke5 Rf1 71. Rc4 Kg7 72.
Rf4 Rxf4 73. Kxf4 Kf6 74. Ke4 Ke6 75. Kd4 Kf6 76. Ke3 Kg5 77. Kf3 Kf6 78. Kf4
Ke6 79. g5 hxg5+ 80. Kxg5 Kf7 81. h6 Kg8 82. h7+ Kxh7  1/2-1/2

[Event "Marienbad Open 2022 - B3 IM Round Robin"]
[Site "Continental hotel, Marianske Lazne"]
[Date "2022.01.21"]
[Round "8"]
[Board "5"]
[White "Hollan, Martin"]
[Black "Pourquet, Matthieu"]
[Result "1-0"]
[WhiteElo "2362"]
[BlackElo "2201"]
[PlyCount "91"]
[EventDate "2022.01.15"]
[EventRounds "9"]
[EventCountry "CZE"]

1. e4 d5 2. exd5 Qxd5 3. Nc3 Qd6 4. d4 c6 5. Nf3 Bf5 6. Ne5 Nd7 7. f4 Nxe5 8.
fxe5 Qg6 9. Be3 e6 10. Qf3 Bb4 11. Qf2 Bxc2 12. Be2 Ne7 13. h4 Nd5 14. Bd2 Bd3
15. Nxd5 Bxd2+ 16. Kxd2 Bxe2 17. Nf4 Qe4 18. Nxe2 O-O-O 19. Ke1 f6 20. Qf3 Qc2
21. Rc1 Qxb2 22. exf6 Rhf8 23. Qb3 Qxb3 24. axb3 Rxf6 25. Rf1 Rd5 26. Rxf6 gxf6
27. Rc3 Rh5 28. Rf3 f5 29. g3 Kd7 30. Re3 Rh6 31. Nf4 a5 32. Kd2 b6 33. Kc3 Kd6
34. b4 axb4+ 35. Kxb4 c5+ 36. Kc4 cxd4 37. Kxd4 Rf6 38. Re5 Rh6 39. Rb5 Kc6 40.
Rb1 b5 41. Ke5 Kc5 42. Nxe6+ Kc4 43. Nd4 b4 44. Nxf5 Rg6 45. Ne3+ Kd3 46. Nd5
 1-0

[Event "Marienbad Open 2022 - B3 IM Round Robin"]
[Site "Continental hotel, Marianske Lazne"]
[Date "2022.01.22"]
[Round "9"]
[Board "1"]
[White "Pourquet, Matthieu"]
[Black "Jasny, Stanislav"]
[Result "1/2-1/2"]
[WhiteElo "2201"]
[BlackElo "2299"]
[PlyCount "34"]
[EventDate "2022.01.15"]
[EventRounds "9"]
[EventCountry "CZE"]

1. c4 Nf6 2. Nc3 g6 3. e4 d6 4. d4 Bg7 5. f3 O-O 6. Bg5 a6 7. Qd2 Nc6 8. d5 Ne5
9. f4 Ned7 10. Bd3 c6 11. Nf3 cxd5 12. cxd5 Nc5 13. O-O Nxd3 14. Qxd3 Qb6+ 15.
Kh1 Qxb2 16. Rab1 Qa3 17. Rb3 Qa5  1/2-1/2

[Event "Marienbad Open 2022 - B3 IM Round Robin"]
[Site "Continental hotel, Marianske Lazne"]
[Date "2022.01.22"]
[Round "9"]
[Board "2"]
[White "Mannion, Stephen R"]
[Black "Hollan, Martin"]
[Result "1/2-1/2"]
[WhiteElo "2271"]
[BlackElo "2362"]
[PlyCount "112"]
[EventDate "2022.01.15"]
[EventRounds "9"]
[EventCountry "CZE"]

1. e4 c5 2. Nf3 Nc6 3. d4 cxd4 4. Nxd4 e5 5. Nb5 a6 6. Nd6+ Bxd6 7. Qxd6 Qe7 8.
Qd1 Nf6 9. Nc3 Nd4 10. Be3 O-O 11. Bxd4 d5 12. Be3 d4 13. Bg5 dxc3 14. bxc3 Qc5
15. Bd3 Qxc3+ 16. Bd2 Qc6 17. Qe2 b5 18. O-O Be6 19. a4 Bc4 20. axb5 axb5 21.
Bxc4 bxc4 22. f3 c3 23. Be3 h6 24. Rxa8 Rxa8 25. Rb1 Rd8 26. Rb3 Kh7 27. Qe1
Rc8 28. Qd1 Qc4 29. Kf2 Qc7 30. Qd3 Rd8 31. Qxc3 Qe7 32. Qb4 Qe6 33. Rd3 Rc8
34. Rc3 Rc6 35. Rxc6 Qxc6 36. c4 Qa8 37. Qb2 Qa4 38. c5 Nd7 39. Qd2 Nb8 40. h3
Nc6 41. Qd7 Qa2+ 42. Kg3 Qe6 43. Qxe6 fxe6 44. Kf2 Kg8 45. Ke2 Kf7 46. Kd3 Ke8
47. Kc4 Kd7 48. h4 h5 49. g3 Kc7 50. f4 g6 51. Bd2 exf4 52. Bxf4+ Kb7 53. Bd6
Ka6 54. e5 Kb7 55. Kd3 Nd8 56. Ke4 Nf7  1/2-1/2

[Event "Marienbad Open 2022 - B3 IM Round Robin"]
[Site "Continental hotel, Marianske Lazne"]
[Date "2022.01.22"]
[Round "9"]
[Board "4"]
[White "Schmider, Niklas"]
[Black "Dev, Shah"]
[Result "1/2-1/2"]
[WhiteElo "2330"]
[BlackElo "2248"]
[PlyCount "124"]
[EventDate "2022.01.15"]
[EventRounds "9"]
[EventCountry "CZE"]

1. e4 e5 2. Nf3 Nc6 3. Bb5 a6 4. Ba4 Nf6 5. O-O Nxe4 6. d4 b5 7. Bb3 d5 8. dxe5
Be6 9. c3 Bc5 10. Qd3 O-O 11. Be3 f5 12. exf6 Bxe3 13. Qxe3 Qxf6 14. Rd1 Rad8
15. Nbd2 Nxd2 16. Rxd2 Rd6 17. Qc5 Rfd8 18. Rad1 R8d7 19. h3 Na5 20. Nd4 Bf7
21. Re1 Nb7 22. Qa7 c5 23. Qb8+ Qd8 24. Qxd8+ Nxd8 25. Nf5 Rf6 26. Bxd5 Kf8 27.
Ne3 Rfd6 28. Red1 c4 29. f4 Nb7 30. Rd4 Bxd5 31. Rxd5 Rxd5 32. Rxd5 Rxd5 33.
Nxd5 Nc5 34. Kf2 Nd3+ 35. Ke3 Nxb2 36. Nc7 Ke7 37. Nxa6 Kd6 38. Kd4 Nd3 39. g3
Nc1 40. Ke3 Nxa2 41. Kd2 Kd5 42. Nc7+ Ke4 43. Ne6 b4 44. cxb4 Nxb4 45. Nxg7 Kf3
46. Nh5 Kg2 47. Kc3 Nd5+ 48. Kxc4 Ne7 49. h4 Kf3 50. Kc5 Kg4 51. Kd6 Ng6 52.
Ke6 Kxh5 53. f5 Kg4 54. Kf6 Kxg3 55. h5 Nh4 56. Kg7 Nxf5+ 57. Kxh7 Kg4 58. Kg6
Nh4+ 59. Kh6 Kf5 60. Kg7 Kg5 61. h6 Nf5+ 62. Kf7 Nxh6+  1/2-1/2

[Event "Marienbad Open 2022 - B3 IM Round Robin"]
[Site "Continental hotel, Marianske Lazne"]
[Date "2022.01.22"]
[Round "9"]
[Board "5"]
[White "Kantorik, Marian"]
[Black "Mica, Marek"]
[Result "1/2-1/2"]
[WhiteElo "2209"]
[BlackElo "2305"]
[PlyCount "114"]
[EventDate "2022.01.15"]
[EventRounds "9"]
[EventCountry "CZE"]

1. d4 Nf6 2. c4 e6 3. Nc3 Bb4 4. e3 b6 5. Nge2 Ba6 6. a3 Bxc3+ 7. Nxc3 d5 8. b3
O-O 9. Be2 Nc6 10. O-O dxc4 11. Bxc4 Bxc4 12. bxc4 Na5 13. Qe2 Qd6 14. Rb1 c5
15. Nb5 Qc6 16. Bd2 Nb7 17. Rfc1 Rfd8 18. dxc5 Nxc5 19. Bc3 Nfe4 20. Bd4 e5 21.
Bxc5 Qxc5 22. f3 Nd6 23. Nxd6 Rxd6 24. a4 a6 25. Rd1 Rad8 26. Rxd6 Rxd6 27. Kf2
g6 28. g4 e4 29. Rd1 exf3 30. Kxf3 h5 31. h3 hxg4+ 32. hxg4 Rxd1 33. Qxd1 Qxc4
34. Qd8+ Kg7 35. Qxb6 Qxa4 36. Qb2+ f6 37. g5 Qc6+ 38. e4 a5 39. Qd4 a4 40. Kg3
Qc7+ 41. Kh3 Qc8+ 42. Kg3 Qb8+ 43. Kg4 Qc8+ 44. Kg3 Qc7+ 45. Kg4 a3 46. gxf6+
Kf7 47. e5 Ke6 48. Qb4 a2 49. Qb3+ Kxe5 50. Qg3+ Kxf6 51. Qxc7 a1=Q 52. Qd6+
Kf7 53. Qd7+ Kg8 54. Qd8+ Kg7 55. Qe7+ Kh8 56. Qd8+ Kh7 57. Qh4+ Kg8  1/2-1/2

[Event "Marienbad Open 2022 - C FIDE Open"]
[Site "Continental hotel, Marianske Lazne"]
[Date "2022.01.15"]
[Round "1"]
[Board "1"]
[White "Kolbus, Dietmar"]
[Black "Peglau, Charis"]
[Result "1-0"]
[WhiteElo "2301"]
[BlackElo "1818"]
[PlyCount "125"]
[EventDate "2022.01.15"]
[EventRounds "9"]
[EventCountry "CZE"]

1. c4 c5 2. Nc3 g6 3. Nf3 Bg7 4. d4 cxd4 5. Nxd4 Nc6 6. Nb3 d6 7. e4 Nf6 8. Be2
Be6 9. O-O Rc8 10. Be3 Ne5 11. c5 Nc4 12. Bxc4 Bxc4 13. Re1 Bxb3 14. Qxb3 O-O
15. Rad1 Ng4 16. cxd6 Nxe3 17. dxe7 Qxe7 18. Rxe3 Rfd8 19. g3 Rxd1+ 20. Qxd1
Bxc3 21. bxc3 b5 22. e5 Qe6 23. a4 a6 24. axb5 axb5 25. Qd6 Rc6 26. Qb8+ Kg7
27. Qxb5 Rb6 28. Qd3 Rb2 29. c4 Qb6 30. Kg2 Rb4 31. Qd5 Qa6 32. Rf3 Qb7 33. Rf4
g5 34. Qxb7 Rxb7 35. Rd4 Kg6 36. g4 Rb3 37. Re4 f5 38. exf6 Kxf6 39. h3 Rc3 40.
Rd4 Ke6 41. Rd5 h6 42. Ra5 Rxc4 43. Ra6+ Kf7 44. Rxh6 Rc3 45. h4 gxh4 46. Rxh4
Kg6 47. Rh5 Ra3 48. Rb5 Rc3 49. f3 Rc4 50. Rb3 Kg5 51. Kg3 Ra4 52. f4+ Kg6 53.
Rb6+ Kg7 54. f5 Rc4 55. Kh4 Ra4 56. Kg5 Ra5 57. Rb7+ Kf8 58. Kg6 Ra8 59. f6 Kg8
60. Rg7+ Kf8 61. Rh7 Kg8 62. f7+ Kf8 63. Rh8+  1-0

[Event "Marienbad Open 2022 - C FIDE Open"]
[Site "Continental hotel, Marianske Lazne"]
[Date "2022.01.15"]
[Round "1"]
[Board "2"]
[White "Landstorfer, Franz-Robert"]
[Black "Froeyman, Helmut"]
[Result "0-1"]
[WhiteElo "1805"]
[BlackElo "2301"]
[PlyCount "134"]
[EventDate "2022.01.15"]
[EventRounds "9"]
[EventCountry "CZE"]

1. Nf3 f5 2. b4 e6 3. Bb2 Nf6 4. a3 b6 5. e3 Bb7 6. c4 g6 7. Be2 Bg7 8. O-O O-O
9. Qb3 Qe7 10. d4 d6 11. Nbd2 Nbd7 12. a4 a5 13. bxa5 Rxa5 14. Bc3 Raa8 15. a5
Rfb8 16. axb6 Nxb6 17. Rxa8 Bxa8 18. Qa2 Ne4 19. Ba5 Bc6 20. Nxe4 Bxe4 21. Bxb6
Rxb6 22. Nd2 Bc6 23. Rb1 Rxb1+ 24. Qxb1 Qd8 25. Bf3 Bd7 26. g3 Qc8 27. Qb7 Qxb7
28. Bxb7 Kf7 29. Kf1 Ba4 30. Ke2 Ke7 31. Bg2 Bc2 32. Nf3 c5 33. dxc5 dxc5 34.
Nd2 Kd6 35. Bb7 Kc7 36. Bg2 Kb6 37. h3 Bf6 38. Ba8 h6 39. Bg2 Bc3 40. f4 Bf6
41. Ba8 Kc7 42. Bg2 g5 43. e4 gxf4 44. gxf4 Bb2 45. exf5 exf5 46. Bd5 Bc1 47.
Be6 Kd6 48. Bd5 Ke7 49. h4 Kd6 50. h5 Ba4 51. Bf7 Ke7 52. Bd5 Be8 53. Bf3 Bf7
54. Kd3 Bxd2 55. Kxd2 Bxc4 56. Kc3 Bf1 57. Bd1 Bh3 58. Kc4 Bg4 59. Bc2 Kd6 60.
Bd3 Bxh5 61. Bxf5 Bf3 62. Bh3 h5 63. Kc3 Bg4 64. Bg2 Bf5 65. Kd2 h4 66. Kc3 h3
67. Bf3 Be6  0-1

[Event "Marienbad Open 2022 - C FIDE Open"]
[Site "Continental hotel, Marianske Lazne"]
[Date "2022.01.15"]
[Round "1"]
[Board "3"]
[White "Balje, Jan"]
[Black "Ochedzan, Filip"]
[Result "1-0"]
[WhiteElo "2198"]
[BlackElo "1766"]
[PlyCount "79"]
[EventDate "2022.01.15"]
[EventRounds "9"]
[EventCountry "CZE"]

1. d4 d5 2. c4 dxc4 3. e4 Nf6 4. e5 Nd5 5. Bxc4 Nb6 6. Bb3 Nc6 7. Ne2 Bg4 8.
Nbc3 e6 9. O-O Be7 10. Be3 Qd7 11. Qc1 Nb4 12. Ng3 c6 13. Nce4 N4d5 14. Nc5 Qc8
15. Bg5 O-O 16. Bxe7 Nxe7 17. Qg5 h5 18. Qxe7 Nd5 19. Qxb7 Qd8 20. h3 Bxh3 21.
Bxd5 cxd5 22. Qb3 Qh4 23. gxh3 Qxh3 24. Qf3 h4 25. Qh5 g6 26. Qh6 Rad8 27. Rad1
Qg4 28. Rd3 f5 29. Nxe6 Rf7 30. Qg5 Re8 31. Qxg4 fxg4 32. Ng5 Rf5 33. Nxf5 gxf5
34. f4 h3 35. Kh2 Rb8 36. Rb3 Rc8 37. Rc3 Rb8 38. b3 Rb7 39. Rfc1 Rc7 40. Rxc7
 1-0

[Event "Marienbad Open 2022 - C FIDE Open"]
[Site "Continental hotel, Marianske Lazne"]
[Date "2022.01.15"]
[Round "1"]
[Board "4"]
[White "Paseka, Matyas"]
[Black "Nytra, Ondrej"]
[Result "1/2-1/2"]
[WhiteElo "2052"]
[BlackElo "2146"]
[PlyCount "31"]
[EventDate "2022.01.15"]
[EventRounds "9"]
[EventCountry "CZE"]

1. e4 e5 2. Nf3 Nc6 3. Bb5 Nf6 4. O-O Nxe4 5. Re1 Nd6 6. Nxe5 Nxe5 7. Rxe5+ Be7
8. Bf1 O-O 9. d4 Bf6 10. Re1 Re8 11. Rxe8+ Nxe8 12. d5 d6 13. c3 Bf5 14. Na3
Qd7 15. Nb5 c6 16. dxc6  1/2-1/2

[Event "Marienbad Open 2022 - C FIDE Open"]
[Site "Continental hotel, Marianske Lazne"]
[Date "2022.01.15"]
[Round "1"]
[Board "5"]
[White "Vana, Jan"]
[Black "Goossens, Hanne"]
[Result "0-1"]
[WhiteElo "1566"]
[BlackElo "2133"]
[PlyCount "58"]
[EventDate "2022.01.15"]
[EventRounds "9"]
[EventCountry "CZE"]

1. e4 c5 2. b4 cxb4 3. a3 bxa3 4. d4 g6 5. c3 Bg7 6. f4 d5 7. e5 Nc6 8. Bd3 Nh6
9. Nf3 O-O 10. O-O f6 11. Qb3 fxe5 12. Nxe5 Nxe5 13. fxe5 Rxf1+ 14. Bxf1 Bf5
15. Nxa3 b6 16. Bb5 e6 17. Nc2 Qh4 18. Bxh6 Bxh6 19. Bf1 Rf8 20. Ne1 Be3+ 21.
Kh1 Qf2 22. Nf3 Bc2 23. Qb5 Rxf3 24. Be2 Rf8 25. Rf1 Qh4 26. Rxf8+ Kxf8 27.
Qb4+ Kg7 28. Qb5 Qf2 29. Qd7+ Kh6  0-1

[Event "Marienbad Open 2022 - C FIDE Open"]
[Site "Continental hotel, Marianske Lazne"]
[Date "2022.01.15"]
[Round "1"]
[Board "6"]
[White "Azhar, Puteri Munajjah Az-Zahraa"]
[Black "Peglau, Paul David"]
[Result "1-0"]
[WhiteElo "2052"]
[BlackElo "1509"]
[PlyCount "63"]
[EventDate "2022.01.15"]
[EventRounds "9"]
[EventCountry "CZE"]

1. Nf3 d5 2. g3 g6 3. Bg2 Bg7 4. O-O Nf6 5. d3 O-O 6. c3 b6 7. Nbd2 Bb7 8. Re1
c5 9. Qc2 Nc6 10. e4 e5 11. a4 Rc8 12. exd5 Nxd5 13. Nc4 Re8 14. Qb3 Nc7 15.
Bg5 Qd5 16. Qa2 h6 17. Be3 Qd7 18. Rad1 Rcd8 19. Qb3 Nd5 20. Bc1 Qc7 21. Nh4
Nf6 22. Qb5 e4 23. dxe4 Rxd1 24. Rxd1 Nxe4 25. Bf4 Qe7 26. Re1 g5 27. Rxe4 Qd7
28. Rxe8+ Qxe8 29. Nd6 Qe1+ 30. Qf1 Qxf1+ 31. Bxf1 gxf4 32. Nxb7  1-0

[Event "Marienbad Open 2022 - C FIDE Open"]
[Site "Continental hotel, Marianske Lazne"]
[Date "2022.01.15"]
[Round "1"]
[Board "7"]
[White "Kacr, Zbynek"]
[Black "Gorkiewicz, Mateusz"]
[Result "0-1"]
[WhiteElo "1492"]
[BlackElo "2028"]
[PlyCount "72"]
[EventDate "2022.01.15"]
[EventRounds "9"]
[EventCountry "CZE"]

1. d4 d5 2. c4 e6 3. Nc3 Nf6 4. cxd5 exd5 5. Bg5 Be6 6. e3 Nbd7 7. Bd3 h6 8.
Bh4 Be7 9. Nf3 O-O 10. O-O b6 11. Rc1 c5 12. dxc5 bxc5 13. Qc2 Qb6 14. Rfd1
Rac8 15. Qe2 Rfe8 16. Bg3 Bf8 17. h3 d4 18. Na4 Qa5 19. b3 Bd5 20. Qe1 Qxe1+
21. Rxe1 dxe3 22. fxe3 Ne4 23. Bxe4 Bxe4 24. Nd2 Bc6 25. Nb2 Nf6 26. Nbc4 Rcd8
27. Re2 Nd5 28. Ne5 Bb5 29. Ndc4 f6 30. a4 Ba6 31. Nc6 Ra8 32. e4 Nb4 33. Nxb4
cxb4 34. Ree1 Rad8 35. Kh1 Rd3 36. Na5 Rxg3  0-1

[Event "Marienbad Open 2022 - C FIDE Open"]
[Site "Continental hotel, Marianske Lazne"]
[Date "2022.01.15"]
[Round "1"]
[Board "8"]
[White "Laith, Kasib"]
[Black "Barkasheva, Sofia"]
[Result "1-0"]
[WhiteElo "2020"]
[BlackElo "1479"]
[PlyCount "101"]
[EventDate "2022.01.15"]
[EventRounds "9"]
[EventCountry "CZE"]

1. Nf3 Nf6 2. g3 g6 3. Bg2 Bg7 4. O-O O-O 5. d3 d6 6. e4 e5 7. c3 Nc6 8. Nbd2
d5 9. exd5 Nxd5 10. Re1 Re8 11. a3 Bf5 12. Ne4 Nf6 13. Bg5 h6 14. Bxf6 Bxf6 15.
Nxf6+ Qxf6 16. Re3 Rad8 17. Qe2 Re7 18. Re1 Red7 19. Nxe5 Nxe5 20. Rxe5 Bxd3
21. Qe3 Ba6 22. b4 c6 23. a4 Bc4 24. Re4 Bd5 25. Re5 Be6 26. Qxh6 Rd2 27. f4
Rd1 28. Qg5 Rxe1+ 29. Rxe1 Qxg5 30. fxg5 Rd3 31. Rc1 Bb3 32. a5 Ba4 33. Bh3 b6
34. Bf1 Rd5 35. Ra1 b5 36. Bg2 Rd6 37. Re1 Kf8 38. Re5 Rd1+ 39. Kf2 Rd2+ 40.
Re2 Rd6 41. Bf3 Bd1 42. Re3 Bb3 43. h4 Rd2+ 44. Ke1 Rd6 45. g4 Bd5 46. Rd3 Re6+
47. Kf2 Bc4 48. Rd8+ Re8 49. Rxe8+ Kxe8 50. Bxc6+ Kf8 51. Ke3  1-0

[Event "Marienbad Open 2022 - C FIDE Open"]
[Site "Continental hotel, Marianske Lazne"]
[Date "2022.01.15"]
[Round "1"]
[Board "9"]
[White "Kral, Ladislav"]
[Black "Kastner, Jan"]
[Result "0-1"]
[WhiteElo "1452"]
[BlackElo "2001"]
[PlyCount "86"]
[EventDate "2022.01.15"]
[EventRounds "9"]
[EventCountry "CZE"]

1. e4 c6 2. d4 d5 3. Nc3 dxe4 4. Nxe4 Bf5 5. Ng3 Bg6 6. h4 h6 7. Nf3 Nd7 8. Bd3
Bxd3 9. Qxd3 e6 10. Be3 Ngf6 11. O-O-O Bd6 12. Ne4 Nxe4 13. Qxe4 Nf6 14. Qd3
Qc7 15. g3 O-O-O 16. Qe2 Qa5 17. Kb1 Nd5 18. Bd2 Qb6 19. c3 c5 20. Qc4 Kb8 21.
Qb3 Qa6 22. Ne5 Bxe5 23. dxe5 Qe2 24. c4 Nb6 25. Be3 Nxc4 26. Rhe1 Rxd1+ 27.
Rxd1 Nxe3 28. fxe3 Kc8 29. a3 Qg4 30. Qc2 Qf5 31. e4 Qxe5 32. b4 Rd8 33. Rxd8+
Kxd8 34. bxc5 Qxg3 35. Qa4 Qg1+ 36. Ka2 Qxc5 37. Qd1+ Ke7 38. Qg4 Qe5 39. Qe2
f5 40. Qc4 Qxe4 41. Qc7+ Kf8 42. Qd8+ Kf7 43. Qd7+ Kg8  0-1

[Event "Marienbad Open 2022 - C FIDE Open"]
[Site "Continental hotel, Marianske Lazne"]
[Date "2022.01.15"]
[Round "1"]
[Board "10"]
[White "Buchta, Bartolomej"]
[Black "Vantuch, Lucian"]
[Result "1/2-1/2"]
[WhiteElo "1901"]
[BlackElo "1997"]
[PlyCount "21"]
[EventDate "2022.01.15"]
[EventRounds "9"]
[EventCountry "CZE"]

1. e4 c5 2. Nf3 e6 3. d4 cxd4 4. Nxd4 a6 5. Nc3 Qc7 6. Bd3 Nf6 7. O-O Bc5 8.
Nb3 Ba7 9. Qe2 d6 10. Be3 Bxe3 11. Qxe3  1/2-1/2

[Event "Marienbad Open 2022 - C FIDE Open"]
[Site "Continental hotel, Marianske Lazne"]
[Date "2022.01.15"]
[Round "1"]
[Board "17"]
[White "Borisek, Anze"]
[Black "Boronina, Kseniia"]
[Result "1-0"]
[WhiteElo "1895"]
[BlackElo "1166"]
[PlyCount "51"]
[EventDate "2022.01.15"]
[EventRounds "9"]
[EventCountry "CZE"]

1. f4 d5 2. Nf3 Nc6 3. d4 Bf5 4. e3 e6 5. c3 Nge7 6. Bd3 Bxd3 7. Qxd3 g6 8. O-O
Bg7 9. Nbd2 O-O 10. e4 dxe4 11. Nxe4 e5 12. fxe5 Nxe5 13. Nxe5 Bxe5 14. Bg5 f5
15. Nc5 Bf6 16. Ne6 Qd6 17. Qc4 Rf7 18. Bxf6 Rxf6 19. Nxc7+ Kh8 20. Nxa8 Rf8
21. Rae1 Rxa8 22. Qe6 Qxe6 23. Rxe6 Nc6 24. Rfe1 Kg7 25. Re8 Rxe8 26. Rxe8  1-0

[Event "Marienbad Open 2022 - C FIDE Open"]
[Site "Continental hotel, Marianske Lazne"]
[Date "2022.01.16"]
[Round "2"]
[Board "1"]
[White "Peglau, Dora"]
[Black "Kolbus, Dietmar"]
[Result "0-1"]
[WhiteElo "1926"]
[BlackElo "2301"]
[PlyCount "78"]
[EventDate "2022.01.15"]
[EventRounds "9"]
[EventCountry "CZE"]

1. d4 Nf6 2. c4 g6 3. f3 c5 4. dxc5 Qa5+ 5. Nc3 Qxc5 6. e4 Bg7 7. Na4 Qc7 8.
Be3 d6 9. Bd3 Nbd7 10. Ne2 Ne5 11. Rc1 O-O 12. O-O b6 13. Nac3 Bb7 14. Nd5 Qd8
15. Nec3 Nfd7 16. Qd2 Nxd3 17. Qxd3 e6 18. Nf4 Ne5 19. Qe2 Ba6 20. b3 Qe7 21.
Rfd1 Rfd8 22. Nd3 Nc6 23. Qd2 Rd7 24. Bg5 Qf8 25. Nf2 h6 26. Bf4 Rad8 27. Ng4
f5 28. exf5 gxf5 29. Nf2 Ne5 30. Re1 Kh7 31. Nd3 Qf7 32. Qe2 Nxd3 33. Qxd3 d5
34. Qe2 dxc4 35. Qxe6 Bd4+ 36. Kh1 Qxe6 37. Rxe6 Bxc3 38. Rxh6+ Kg7 39. Rxc3
Rd1#  0-1

[Event "Marienbad Open 2022 - C FIDE Open"]
[Site "Continental hotel, Marianske Lazne"]
[Date "2022.01.16"]
[Round "2"]
[Board "2"]
[White "Froeyman, Helmut"]
[Black "Svizensky, Lubos"]
[Result "1-0"]
[WhiteElo "2301"]
[BlackElo "1935"]
[PlyCount "95"]
[EventDate "2022.01.15"]
[EventRounds "9"]
[EventCountry "CZE"]

1. e4 c6 2. d4 d5 3. Nc3 Nf6 4. e5 Ne4 5. Nxe4 dxe4 6. c3 Bf5 7. Bc4 e6 8. Ne2
Bg6 9. O-O Nd7 10. Ng3 c5 11. Qe2 Qb6 12. Be3 Rc8 13. Rad1 a6 14. Bb3 Qc7 15.
Bc1 Qa5 16. a3 Qb5 17. Qxb5 axb5 18. Rfe1 c4 19. Ba2 Rd8 20. Bb1 Nb6 21. Bxe4
Bxe4 22. Nxe4 h6 23. g3 Be7 24. Kg2 Nd5 25. Bd2 Ra8 26. f3 Kd7 27. Re2 Rhc8 28.
Rde1 Bf8 29. f4 g6 30. g4 Be7 31. Rf1 Rg8 32. Kh1 f5 33. exf6 Nxf6 34. Nxf6+
Bxf6 35. g5 Bh8 36. gxh6 Raf8 37. Rfe1 Re8 38. Rg2 Bf6 39. Reg1 Ke7 40. Rxg6
Kf7 41. Rxg8 Rxg8 42. Rxg8 Kxg8 43. Kg2 Kh7 44. Kf3 Kxh6 45. f5+ Bg5 46. Bxg5+
Kxg5 47. fxe6 Kf6 48. d5  1-0

[Event "Marienbad Open 2022 - C FIDE Open"]
[Site "Continental hotel, Marianske Lazne"]
[Date "2022.01.16"]
[Round "2"]
[Board "3"]
[White "Hubka, Roland"]
[Black "Balje, Jan"]
[Result "1/2-1/2"]
[WhiteElo "1921"]
[BlackElo "2198"]
[PlyCount "61"]
[EventDate "2022.01.15"]
[EventRounds "9"]
[EventCountry "CZE"]

1. Nf3 d5 2. c4 d4 3. b4 f6 4. e3 e5 5. exd4 e4 6. Qe2 Qe7 7. Ng1 Nc6 8. Qe3
Nh6 9. Bb2 Nf5 10. Qc3 Nxb4 11. a3 Nc6 12. Ne2 h5 13. Nf4 Qd6 14. Ng6 Rh6 15.
Nxf8 Ncxd4 16. a4 Qxf8 17. Na3 c5 18. Nb5 Qe7 19. Kd1 Be6 20. f3 exf3 21. gxf3
Rd8 22. Bh3 Qd7 23. Re1 Kf7 24. Ra3 Nxf3 25. Rxe6 Nxd2 26. Bxf5 Ne4+ 27. Nd6+
Qxd6+ 28. Rxd6 Rxd6+ 29. Kc2 Nxc3 30. Rxc3 Rh8 31. Rg3  1/2-1/2